|
|
|
|
| LEADER |
01024nam a2200205 a 4500 |
| 001 |
GR-MES10870 |
| 008 |
061005s gr 000 0 gre d |
| 040 |
|
|
|a GrPaTEI
|b gre
|c GR-PaULI
|
| 040 |
|
|
|a GrPaTEI
|b gre
|c GR-PaULI
|
| 100 |
1 |
|
|a Σιουλεμεζόφ, Στόγιαν
|
| 245 |
1 |
0 |
|a Ανάπτυξη του συνεταιριστικού κινήματος στη Βουλγαρία /
|c Στόγιαν Σιουλεμεζόφ.
|
| 260 |
|
|
|a Jusautor :
|b Σόφια πρες,
|c 1977
|
| 300 |
|
|
|a 269σελ.
|
| 650 |
|
4 |
|a Αγροτική οικονομία
|z Βουλγαρία
|
| 650 |
|
4 |
|a Αγροτικοί συνεταιρισμοί
|x ιστορία
|z Βουλγαρία
|
| 650 |
|
4 |
|a Οικονομία
|x Ιστορία
|z Βουλγαρία
|
| 942 |
|
|
|2 ddc
|
| 952 |
|
|
|0 0
|1 0
|2 ddc
|4 0
|6 334_683000000000000_ΣΙΟ
|7 0
|9 270145
|a MSLG
|b MSLG
|c BSC
|d 2021-01-17
|e 24
|f 0
|g 0.00
|l 0
|o 334.683 ΣΙΟ
|p 2420000002830
|r 2021-01-17 00:00:00
|t 1
|w 2021-01-17
|y BK15
|x 20061005 0 1
|x GrPaTEI
|
| 971 |
|
|
|a .b25769170
|b 15-04-20
|c 13-09-16
|
| 999 |
|
|
|c 155984
|d 155984
|